| 000 | 00855nam a22001457a 4500 | ||
|---|---|---|---|
| 999 |
_c520131 _d520131 |
||
| 008 | 220702b ||||| |||| 00| 0 eng d | ||
| 100 |
_aWadhwa, Manjula _931815 |
||
| 245 | _aTech-innovation in banking | ||
| 260 | _aYojana | ||
| 300 | _a66(6), Jun, 2022: p.41-43 | ||
| 520 | _aThe banking sector is rapidly adopting new merging technologies to draw the customers to park their wealth in attractive bank products and schemes. Latest technologies like artificial intelligence. Big data, deep machine learning and robotics are being used to understand the customers and their needs better. Established 252 years age, banking system in India has left its traditional way of functioning for behind and has emerged in new advent of new technologies. – Reproduced | ||
| 773 | _aYojana | ||
| 906 | _aFINANCE - TECHNOLOGICAL INNOVATIONS | ||
| 942 | _cAR | ||